NW : [a novel] /

Set in northwest London, Smith's tragicomic novel follows four locals--Leah, Natalie, Felix, and Nathan--as they try to make adult lives outside of Caldwell, the council estate of their childhood. In private houses and public parks, at work and at play, these Londoners inhabit a complicated pla...

Full description

Bibliographic Details
Main Author: Smith, Zadie (Author)
Format: Book
Language:English
Published: New York : Penguin Books, [2013]
Subjects:

MARC

Tag First Indicator Second Indicator Subfields
LEADER 00000cam a2200000 i 4500
001 in00005619621
008 130819t20132012nyu 000 f eng d
005 20250307193725.6
010 |a  2012015114 
035 |a (OCoLC)ocn858350014 
040 |a NFR  |b eng  |e rda  |c NFR  |d OCLCO  |d YDXCP  |d BDX  |d NYP  |d OCLCF  |d OCLCO  |d ZR1  |d ORU  |d KZF  |d OCLCO  |d OCLCQ  |d OCLCO  |d WSL  |d OCLCA  |d BKL  |d UCW  |d EOS  |d OCLCQ  |d MCO  |d OCL  |d OCLCO  |d JQF  |d MYA  |d OCLCO  |d OCLCL  |d OCLCQ  |d OCLCL  |d IG# 
020 |a 9780143123934  |q (paperback) 
020 |a 0143123939  |q (paperback) 
024 8 |a 99975677656 
035 |a (OCoLC)858350014 
043 |a e-uk-en 
050 1 4 |a PR6069.M59  |b N9 2013 
082 0 4 |a 823/.914  |2 23 
100 1 |a Smith, Zadie,  |e author. 
245 1 0 |a NW :  |b [a novel] /  |c Zadie Smith. 
246 3 |a North-west 
246 3 |a Northwest 
264 1 |a New York :  |b Penguin Books,  |c [2013] 
264 4 |c ©2012 
300 |a 401 pages ;  |c 22 cm 
336 |a text  |b txt  |2 rdacontent 
337 |a unmediated  |b n  |2 rdamedia 
338 |a volume  |b nc  |2 rdacarrier 
520 |a Set in northwest London, Smith's tragicomic novel follows four locals--Leah, Natalie, Felix, and Nathan--as they try to make adult lives outside of Caldwell, the council estate of their childhood. In private houses and public parks, at work and at play, these Londoners inhabit a complicated place, as beautiful as it is brutal, where the thoroughfares hide the back alleys and taking the high road can sometimes lead you to a dead end. Depicting the modern urban zone--familiar to city-dwellers everywhere--Smith presents a novel of encounters, mercurial and vital, like the city itself. --Adapted from publisher description. 
505 0 |a Visitation -- Guest -- Host -- Crossing 
650 0 |a Planned communities  |z England  |z London  |v Fiction. 
650 0 |a Young adults  |v Fiction. 
650 0 |a Social isolation  |v Fiction. 
651 0 |a London (England)  |v Fiction. 
650 6 |a Collectivités nouvelles  |z Angleterre  |z Londres  |v Romans, nouvelles, etc. 
650 6 |a Jeunes adultes  |v Romans, nouvelles, etc. 
650 6 |a Isolement social  |v Romans, nouvelles, etc. 
650 7 |a Planned communities  |2 fast 
650 7 |a Social isolation  |2 fast 
650 7 |a Young adults  |2 fast 
651 7 |a England  |z London  |2 fast  |1 https://id.oclc.org/worldcat/entity/E39PBJp68ckpMtKGHPFWQrwDMP 
655 7 |a Bildungsromans  |2 fast 
655 7 |a Domestic fiction  |2 fast 
655 7 |a Fiction  |2 fast 
655 7 |a Domestic fiction.  |2 lcgft 
655 7 |a Bildungsromans.  |2 lcgft 
758 |i has work:  |a NW (Text)  |1 https://id.oclc.org/worldcat/entity/E39PCFTbXvYMD4KxHwQXV9xVYP  |4 https://id.oclc.org/worldcat/ontology/hasWork 
938 |a Ingram Library Services  |b INGR  |n in501339190 
938 |a Brodart  |b BROD  |n 104545356 
938 |a YBP Library Services  |b YANK  |n 10410620 
029 1 |a AU@  |b 000052181107 
994 |a Z0  |b TXA 
948 |h HELD BY TXA - 122 OTHER HOLDINGS 
999 f f |s 551f603a-a42e-494b-9447-c95b05fa0de7  |i dc99c099-d572-4420-8148-945dd8b37aa2  |t 0 
952 f f |p noncirc  |a Texas A&M University  |b College Station  |c Cushing Memorial Library & Archives  |d Cushing: Area Studies/Africana (Does not check out)  |t 0  |e PR6069.M59 N84 2013  |h Library of Congress classification  |i unmediated -- volume  |m A1485333974E 
998 f f |a PR6069.M59 N84 2013  |t 0  |l Cushing: Area Studies/Africana (Does not check out)